Top XIs: Arsenal FC (1977-2023) - Statistics

General Stats
  • This quiz has been taken 1,574 times
    1,393 since last reset
  • The average score is 267 of 500
Answer Stats
Hint Position Answer % Correct
1999/2000 ST Thierry Henry
94%
2000/2001 ST Thierry Henry
94%
2001/2002 ST Thierry Henry
94%
2002/2003 ST Thierry Henry
94%
2003/2004 ST Thierry Henry
94%
2004/2005 ST Thierry Henry
94%
2005/2006 ST Thierry Henry
94%
2006/2007 ST Thierry Henry
94%
2019/2020 DF Bukayo Saka
90%
2020/2021 MF Bukayo Saka
90%
2020/2021 EL MF Bukayo Saka
90%
2021/2022 MF Bukayo Saka
90%
2022/2023 MF Bukayo Saka
90%
2022/2023 EL MF Bukayo Saka
90%
1995/1996 ST Dennis Bergkamp
88%
1996/1997 ST Dennis Bergkamp
88%
1997/1998 ST Dennis Bergkamp
88%
1998/1999 ST Dennis Bergkamp
88%
1999/2000 ST Dennis Bergkamp
88%
1996/1997 MF Patrick Vieira
88%
1997/1998 MF Patrick Vieira
88%
1998/1999 MF Patrick Vieira
88%
1998/1999 UCL MF Patrick Vieira
88%
1999/2000 MF Patrick Vieira
88%
2000/2001 MF Patrick Vieira
88%
2001/2002 MF Patrick Vieira
88%
2002/2003 MF Patrick Vieira
88%
2003/2004 MF Patrick Vieira
88%
2004/2005 MF Patrick Vieira
88%
1992/1993 ST Kevin Campbell
87%
1993/1994 ST Kevin Campbell
87%
2013/2014 MF Mesut Özil
86%
2014/2015 MF Mesut Özil
86%
2015/2016 MF Mesut Özil
86%
2016/2017 MF Mesut Özil
86%
2017/2018 MF Mesut Özil
86%
2017/18 EL ½ MF Mesut Özil
86%
2021/2022 MF Martin Ødegaard
85%
2022/2023 MF Martin Ødegaard
85%
2018/19 EL F ST P.-E. Aubameyang
85%
2019/2020 ST P.-E. Aubameyang
85%
2020/2021 ST P.-E. Aubameyang
85%
2020/2021 EL ST P.-E. Aubameyang
85%
2021/2022 ST Gabriel Martinelli
84%
2022/2023 ST Gabriel Martinelli
84%
2022/2023 EL ST Gabriel Martinelli
84%
2000/2001 MF Robert Pires
83%
2001/2002 MF Robert Pires
83%
2002/2003 MF Robert Pires
83%
2003/2004 MF Robert Pires
83%
2004/2005 MF Robert Pires
83%
2005/2006 MF Robert Pires
83%
2001/2002 DF Ashley Cole
82%
2002/2003 DF Ashley Cole
82%
2003/2004 DF Ashley Cole
82%
2004/2005 DF Ashley Cole
82%
2017/2018 ST Alexandre Lacazette
81%
2018/19 EL F ST Alexandre Lacazette
81%
2019/2020 ST Alexandre Lacazette
81%
2020/2021 ST Alexandre Lacazette
81%
2021/2022 DF Ben White
81%
2004/2005 MF Cesc Fabregas
81%
2005/2006 MF Cesc Fabregas
81%
2006/2007 MF Cesc Fabregas
81%
2007/2008 MF Cesc Fabregas
81%
2008/2009 MF Cesc Fabregas
81%
2009/2010 MF Cesc Fabregas
81%
2010/2011 MF Cesc Fabregas
81%
2022/2023 DF Ben White
81%
2020/2021 DF Gabriel
81%
2020/2021 EL DF Gabriel
81%
2021/2022 DF Gabriel
81%
2022/2023 DF Gabriel
81%
2022/2023 EL DF Gabriel
81%
2022/2023 ST Gabriel Jesus
80%
2012/2013 ST Olivier Giroud
80%
2013/2014 ST Olivier Giroud
80%
2015/2016 ST Olivier Giroud
80%
2017/18 EL ½ ST Olivier Giroud
80%
2014/2015 ST Alexis Sanchez
79%
2015/2016 ST Alexis Sanchez
79%
2016/2017 ST Alexis Sanchez
79%
2012/2013 DF Per Mertesacker
78%
2013/2014 DF Per Mertesacker
78%
2014/2015 DF Per Mertesacker
78%
2015/2016 DF Per Mertesacker
78%
2008/2009 ST Robin van Persie
78%
2011/2012 ST Robin van Persie
78%
2022/2023 DF William Saliba
78%
2000/2001 MF Fredrik Ljungberg
75%
2001/2002 MF Fredrik Ljungberg
75%
2002/2003 MF Fredrik Ljungberg
75%
2003/2004 MF Fredrik Ljungberg
75%
2004/2005 MF Fredrik Ljungberg
75%
2003/2004 DF Kolo Toure
75%
2004/2005 DF Kolo Toure
75%
2005/2006 DF Kolo Toure
75%
2006/2007 DF Kolo Toure
75%
2007/2008 DF Kolo Toure
75%
2008/2009 DF Kolo Toure
75%
2010/2011 DF Laurent Koscielny
75%
2011/2012 DF Laurent Koscielny
75%
2013/2014 DF Laurent Koscielny
75%
2014/2015 DF Laurent Koscielny
75%
2015/2016 DF Laurent Koscielny
75%
2016/2017 DF Laurent Koscielny
75%
2017/2018 DF Laurent Koscielny
75%
2018/19 EL F DF Laurent Koscielny
75%
1986/1987 DF Tony Adams
75%
1987/1988 DF Tony Adams
75%
1988/1989 DF Tony Adams
75%
1989/1990 DF Tony Adams
75%
1990/1991 DF Tony Adams
75%
1991/1992 DF Tony Adams
75%
1992/1993 DF Tony Adams
75%
1993/1994 DF Tony Adams
75%
1994/1995 DF Tony Adams
75%
1995/1996 DF Tony Adams
75%
1997/1998 DF Tony Adams
75%
1998/1999 DF Tony Adams
75%
1998/1999 UCL DF Tony Adams
75%
2000/2001 DF Tony Adams
75%
1991/1992 ST Ian Wright
74%
1992/1993 ST Ian Wright
74%
1993/1994 ST Ian Wright
74%
1994/1995 ST Ian Wright
74%
1995/1996 ST Ian Wright
74%
1996/1997 ST Ian Wright
74%
1997/1998 ST Ian Wright
74%
2016/2017 MF Granit Xhaka
73%
2017/2018 MF Granit Xhaka
73%
2019/2020 MF Granit Xhaka
73%
2020/2021 MF Granit Xhaka
73%
2020/2021 EL MF Granit Xhaka
73%
2021/2022 MF Granit Xhaka
73%
2022/2023 MF Granit Xhaka
73%
2022/2023 EL MF Granit Xhaka
73%
2011/2012 MF Theo Walcott
73%
2012/2013 MF Theo Walcott
73%
2016/2017 MF Theo Walcott
73%
2007/2008 DF Bacary Sagna
72%
2008/2009 DF Bacary Sagna
72%
2009/2010 DF Bacary Sagna
72%
2010/2011 DF Bacary Sagna
72%
2012/2013 DF Bacary Sagna
72%
2013/2014 DF Bacary Sagna
72%
2011/2012 DF Bacary Sagna
72%
2021/2022 MF Thomas Partey
72%
2022/2023 MF Thomas Partey
72%
2011/2012 MF Aaron Ramsey
71%
2012/2013 MF Aaron Ramsey
71%
2013/2014 MF Aaron Ramsey
71%
2014/2015 MF Aaron Ramsey
71%
2015/2016 MF Aaron Ramsey
71%
2017/2018 MF Aaron Ramsey
71%
2010/2011 MF Jack Wilshere
71%
2017/2018 MF Jack Wilshere
71%
2017/18 EL ½ MF Jack Wilshere
71%
2002/2003 MF Gilberto Silva
70%
2003/2004 MF Gilberto Silva
70%
2005/2006 MF Gilberto Silva
70%
2006/2007 MF Gilberto Silva
70%
1987/1988 ST Alan Smith
69%
1988/1989 ST Alan Smith
69%
1989/1990 ST Alan Smith
69%
1990/1991 ST Alan Smith
69%
1991/1992 ST Alan Smith
69%
1992/1993 ST Alan Smith
69%
1993/1994 ST Alan Smith
69%
2022/2023 DF Oleksandr Zinchenko
69%
2006/2007 DF Gaël Clichy
68%
2007/2008 DF Gaël Clichy
68%
2008/2009 DF Gaël Clichy
68%
2009/2010 DF Gaël Clichy
68%
2010/2011 DF Gaël Clichy
68%
1977/1978 DF Pat Rice
68%
1978/1979 DF Pat Rice
68%
2015/2016 DF Héctor Bellerín
67%
2016/2017 DF Héctor Bellerín
67%
2017/2018 DF Héctor Bellerín
67%
2020/2021 DF Héctor Bellerín
67%
1998/1999 ST Nicolas Anelka
67%
1998/1999 UCL ST Nicolas Anelka
67%
2006/2007 ST Emma Adebayor
66%
2007/2008 ST Emma Adebayor
66%
2008/2009 ST Emma Adebayor
66%
2012/2013 MF Santi Cazorla
65%
2013/2014 MF Santi Cazorla
65%
2014/2015 MF Santi Cazorla
65%
2015/2016 MF Santi Cazorla
65%
2009/2010 ST Andrei Arshavin
64%
2010/2011 ST Andrei Arshavin
64%
2011/2012 MF Mikel Arteta
64%
2012/2013 MF Mikel Arteta
64%
2013/2014 MF Mikel Arteta
64%
2004/2005 DF Lauren
63%
2020/2021 DF Kieran Tierney
63%
2020/2021 EL DF Kieran Tierney
63%
2021/2022 DF Kieran Tierney
63%
2022/2023 EL DF Kieran Tierney
63%
2001/2002 DF Lauren
63%
2002/2003 DF Lauren
63%
2003/2004 DF Lauren
63%
2005/2006 DF Lauren
63%
1997/1998 ST Marc Overmars
63%
1998/1999 MF Marc Overmars
63%
1998/1999 UCL MF Marc Overmars
63%
1997/1998 MF Emmanuel Petit
62%
1998/1999 MF Emmanuel Petit
62%
1999/2000 MF Emmanuel Petit
62%
2016/2017 DF Shkodran Mustafi
62%
2017/2018 DF Shkodran Mustafi
62%
2017/18 EL ½ DF Shkodran Mustafi
62%
2006/2007 DF William Gallas
61%
2007/2008 DF William Gallas
61%
2008/2009 DF William Gallas
61%
2009/2010 DF William Gallas
61%
2014/2015 MF A. O.-Chamberlain
60%
2016/2017 MF A. O.-Chamberlain
60%
1988/1989 DF Lee Dixon
60%
1989/1990 DF Lee Dixon
60%
1990/1991 DF Lee Dixon
60%
1991/1992 DF Lee Dixon
60%
1992/1993 DF Lee Dixon
60%
1993/1994 DF Lee Dixon
60%
1994/1995 DF Lee Dixon
60%
1995/1996 DF Lee Dixon
60%
1996/1997 DF Lee Dixon
60%
1997/1998 DF Lee Dixon
60%
1998/1999 DF Lee Dixon
60%
1998/1999 UCL DF Lee Dixon
60%
1999/2000 DF Lee Dixon
60%
2000/2001 DF Lee Dixon
60%
2014/2015 DF Nacho Monreal
60%
2015/2016 DF Nacho Monreal
60%
2016/2017 DF Nacho Monreal
60%
2017/18 EL ½ DF Nacho Monreal
60%
2018/19 EL F DF Nacho Monreal
60%
2008/2009 MF Samir Nasri
58%
2009/2010 MF Samir Nasri
58%
2010/2011 MF Samir Nasri
58%
2011/2012 DF Kieran Gibbs
57%
2012/2013 DF Kieran Gibbs
57%
2013/2014 DF Kieran Gibbs
57%
1993/1994 DF Martin Keown
57%
1995/1996 DF Martin Keown
57%
1996/1997 DF Martin Keown
57%
1998/1999 DF Martin Keown
57%
1998/1999 UCL DF Martin Keown
57%
1999/2000 DF Martin Keown
57%
2000/2001 DF Martin Keown
57%
2001/2002 ST Sylvain Wiltord
57%
2002/2003 ST Sylvain Wiltord
57%
1994/1995 MF Ray Parlour
56%
1995/1996 MF Ray Parlour
56%
1997/1998 MF Ray Parlour
56%
1998/1999 MF Ray Parlour
56%
1998/1999 UCL MF Ray Parlour
56%
1999/2000 MF Ray Parlour
56%
2000/2001 MF Ray Parlour
56%
2001/2002 MF Ray Parlour
56%
2006/2007 MF Tomáš Rosický
56%
2007/2008 MF Tomáš Rosický
56%
2014/2015 ST Danny Welbeck
55%
2017/18 EL ½ ST Danny Welbeck
55%
2022/2023 EL ST Eddie Nketiah
55%
2019/2020 DF David Luiz
54%
2020/2021 EL DF David Luiz
54%
2005/2006 MF Mathieu Flamini
54%
2007/2008 MF Mathieu Flamini
54%
2008/2009 MF Alex Song
53%
2009/2010 MF Alex Song
53%
2010/2011 MF Alex Song
53%
2011/2012 MF Alex Song
53%
2022/2023 EL DF Rob Holding
53%
2004/2005 MF Jose Antonio Reyes
53%
2005/2006 MF Jose Antonio Reyes
53%
2019/2020 ST Nicolas Pépé
53%
2020/2021 EL ST Nicolas Pépé
53%
2017/18 EL ½ DF Rob Holding
53%
2020/2021 DF Rob Holding
53%
2005/2006 DF Emmanuel Eboue
51%
2006/2007 DF Emmanuel Eboue
51%
2012/2013 ST Lukas Podolski
51%
2013/2014 ST Lukas Podolski
51%
2021/2022 DF Takehiro Tomiyasu
51%
2022/2023 EL DF Takehiro Tomiyasu
51%
2018/19 EL F DF Sokratis
50%
2019/2020 DF Sokratis
50%
2006/2007 MF Aleksandr Hleb
49%
2007/2008 MF Aleksandr Hleb
49%
2014/2015 DF Calum Chambers
48%
2017/18 EL ½ DF Calum Chambers
48%
2003/2004 MF Edú Gaspar
48%
1988/1989 DF Nigel Winterburn
48%
1989/1990 DF Nigel Winterburn
48%
1990/1991 DF Nigel Winterburn
48%
1991/1992 DF Nigel Winterburn
48%
1992/1993 DF Nigel Winterburn
48%
1993/1994 DF Nigel Winterburn
48%
1994/1995 DF Nigel Winterburn
48%
1995/1996 DF Nigel Winterburn
48%
1996/1997 DF Nigel Winterburn
48%
1997/1998 DF Nigel Winterburn
48%
1998/1999 DF Nigel Winterburn
48%
1998/1999 UCL DF Nigel Winterburn
48%
2009/2010 DF Thomas Vermaelen
48%
2011/2012 DF Thomas Vermaelen
48%
2012/2013 DF Thomas Vermaelen
48%
2017/2018 MF Alex Iwobi
47%
2017/18 EL ½ MF Mohamed Elneny
47%
2020/2021 MF Mohamed Elneny
47%
2005/2006 DF Philippe Senderos
47%
2009/2010 MF Abou Diaby
46%
1999/2000 ST Nwankwo Kanu
46%
2000/2001 ST Nwankwo Kanu
46%
2017/2018 DF Sead Kolašinac
45%
2018/19 EL F DF Sead Kolašinac
45%
2019/2020 DF Sead Kolašinac
45%
2015/2016 MF Francis Coquelin
44%
2016/2017 MF Francis Coquelin
44%
2018/19 EL F MF Mattéo Guendouzi
44%
2019/2020 MF Mattéo Guendouzi
44%
1988/1989 ST Paul Merson
44%
1989/1990 ST Paul Merson
44%
1990/1991 MF Paul Merson
44%
1991/1992 MF Paul Merson
44%
1992/1993 MF Paul Merson
44%
1993/1994 MF Paul Merson
44%
1994/1995 MF Paul Merson
44%
1995/1996 MF Paul Merson
44%
1996/1997 MF Paul Merson
44%
2017/18 EL ½ MF A. Maitland-Niles
43%
2018/19 EL F MF A. Maitland-Niles
43%
2009/2010 ST Nicklas Bendtner
43%
1990/1991 DF Steve Bould
42%
1991/1992 DF Steve Bould
42%
1992/1993 DF Steve Bould
42%
1994/1995 DF Steve Bould
42%
1996/1997 DF Steve Bould
42%
2018/19 EL F MF Lucas Torreira
40%
2019/2020 MF Dani Ceballos
39%
2020/2021 EL MF Dani Ceballos
39%
2020/2021 EL MF Emile Smith Rowe
37%
2021/2022 MF Emile Smith Rowe
37%
2011/2012 ST Gervinho
36%
2018/19 EL F MF Henrikh Mkhitaryan
36%
2010/2011 ST Marouane Chamakh
36%
1977/1978 DF Sammy Nelson
36%
1978/1979 DF Sammy Nelson
36%
1979/1980 DF Sammy Nelson
36%
1987/1988 MF Michael Thomas
35%
1988/1989 MF Michael Thomas
35%
1989/1990 MF Michael Thomas
35%
1990/1991 MF Michael Thomas
35%
1995/1996 MF David Platt
34%
1996/1997 MF David Platt
34%
1997/1998 DF Gilles Grimandi
34%
1999/2000 DF Gilles Grimandi
34%
2010/2011 DF Johan Djourou
34%
2001/2002 DF Sol Campbell
34%
2002/2003 DF Sol Campbell
34%
2003/2004 DF Sol Campbell
34%
1977/1978 DF David O'Leary
33%
1978/1979 DF David O'Leary
33%
1979/1980 DF David O'Leary
33%
1980/1981 DF David O'Leary
33%
1981/1982 DF David O'Leary
33%
1982/1983 DF David O'Leary
33%
1983/1984 DF David O'Leary
33%
1984/1985 DF David O'Leary
33%
1985/1986 DF David O'Leary
33%
1986/1987 DF David O'Leary
33%
1987/1988 DF David O'Leary
33%
1988/1989 DF David O'Leary
33%
1989/1990 DF David O'Leary
33%
2007/2008 ST Eduardo
33%
2020/2021 MF Willian
33%
2020/2021 EL DF Cédric Soares
32%
1986/1987 MF David Rocastle
32%
1987/1988 MF David Rocastle
32%
1988/1989 MF David Rocastle
32%
1989/1990 MF David Rocastle
32%
1991/1992 MF David Rocastle
32%
2008/2009 MF Denílson
31%
1999/2000 DF Sylvinho
31%
2002/2003 DF Pascal Cygan
30%
2004/2005 DF Pascal Cygan
30%
1977/1978 MF Liam Brady
27%
1978/1979 MF Liam Brady
27%
1979/1980 MF Liam Brady
27%
1980/1981 DF Kenny Sansom
26%
1981/1982 DF Kenny Sansom
26%
1982/1983 DF Kenny Sansom
26%
1983/1984 DF Kenny Sansom
26%
1984/1985 DF Kenny Sansom
26%
1985/1986 DF Kenny Sansom
26%
1986/1987 DF Kenny Sansom
26%
1987/1988 DF Kenny Sansom
26%
1981/1982 MF Paul Davis
26%
1982/1983 MF Paul Davis
26%
1983/1984 MF Paul Davis
26%
1984/1985 MF Paul Davis
26%
1985/1986 MF Paul Davis
26%
1986/1987 MF Paul Davis
26%
1987/1988 MF Paul Davis
26%
1990/1991 MF Paul Davis
26%
1990/1991 MF Anders Limpar
25%
1991/1992 MF Anders Limpar
25%
1977/1978 MF Graham Rix
24%
1978/1979 MF Graham Rix
24%
1979/1980 MF Graham Rix
24%
1980/1981 MF Graham Rix
24%
1981/1982 MF Graham Rix
24%
1982/1983 MF Graham Rix
24%
1983/1984 MF Graham Rix
24%
1985/1986 MF Graham Rix
24%
1992/1993 MF John 'Faxe' Jensen
24%
1993/1994 MF John 'Faxe' Jensen
24%
1994/1995 MF John 'Faxe' Jensen
24%
1983/1984 DF Colin Hill
23%
1984/1985 DF Viv Anderson
23%
1985/1986 DF Viv Anderson
23%
1986/1987 DF Viv Anderson
23%
1977/1978 ST Alan Sunderland
22%
1978/1979 ST Alan Sunderland
22%
1979/1980 ST Alan Sunderland
22%
1980/1981 ST Alan Sunderland
22%
1981/1982 ST Alan Sunderland
22%
1983/1984 ST Charlie Nicholas
22%
1984/1985 ST Charlie Nicholas
22%
1985/1986 ST Charlie Nicholas
22%
1986/1987 ST Charlie Nicholas
22%
1991/1992 MF David Hillier
22%
1992/1993 MF David Hillier
22%
1977/1978 ST Frank Stapleton
22%
1978/1979 ST Frank Stapleton
22%
1979/1980 ST Frank Stapleton
22%
1980/1981 ST Frank Stapleton
22%
1994/1995 ST John Hartson
22%
1995/1996 MF John Hartson
22%
1996/1997 ST John Hartson
22%
1987/1988 MF Kevin Richardson
22%
1988/1989 MF Kevin Richardson
22%
1989/1990 MF Kevin Richardson
22%
1981/1982 MF Peter Nicholas
22%
1982/1983 MF Peter Nicholas
22%
1982/1983 ST Tony Woodcock
22%
1983/1984 ST Tony Woodcock
22%
1984/1985 ST Tony Woodcock
22%
1985/1986 ST Tony Woodcock
22%
1998/1999 UCL ST Christopher Wreh
21%
2022/2023 EL MF Albert S. Lokonga
20%
1986/1987 MF Steve Williams
20%
1987/1988 DF Steve Williams
20%
2000/2001 DF Oleg Luzhnyi
19%
2001/2002 DF Oleg Luzhnyi
19%
1987/1988 MF Perry Groves
19%
1989/1990 MF Perry Groves
19%
1990/1991 MF Perry Groves
19%
1978/1979 MF Brian Talbot
18%
1979/1980 MF Brian Talbot
18%
1980/1981 MF Brian Talbot
18%
1981/1982 MF Brian Talbot
18%
1982/1983 MF Brian Talbot
18%
1984/1985 MF Brian Talbot
18%
1993/1994 MF Eddie McGoldrick
16%
1983/1984 ST Paul Mariner
16%
1984/1985 ST Paul Mariner
16%
1994/1995 MF Stefan Schwarz
16%
1998/1999 UCL MF Rémi Garde
15%
1986/1987 ST Niall Quinn
15%
1977/1978 DF Willie Young
15%
1978/1979 DF Willie Young
15%
1979/1980 DF Willie Young
15%
1980/1981 DF Willie Young
15%
1988/1989 MF Brian Marwood
14%
1981/1982 DF Stewart Robson
14%
1982/1983 DF Stewart Robson
14%
1983/1984 MF Stewart Robson
14%
1984/1985 MF Stewart Robson
14%
1985/1986 MF Stewart Robson
14%
1979/1980 MF John Hollins
12%
1980/1981 MF John Hollins
12%
1981/1982 MF John Hollins
12%
1981/1982 DF Chris Whyte
11%
1982/1983 DF Chris Whyte
11%
1977/1978 MF David Price
11%
1978/1979 MF David Price
11%
2022/2023 EL MF Fábio Vieira
11%
1979/1980 DF John Devine
10%
1980/1981 DF John Devine
10%
1986/1987 MF Martin Hayes
10%
1983/1984 DF Tommy Caton
9%
1984/1985 DF Tommy Caton
9%
1985/1986 DF Tommy Caton
9%
1977/1978 MF Alan Hudson
8%
1980/1981 MF Brian McDermott
8%
1985/1986 MF Ian Allinson
8%
1982/1983 ST Lee Chapman
8%
No matching quizzes found
Score Distribution
Percent of People with Each Score
Percentile by Number Answered
Your Score History
You have not taken this quiz since the last reset